Khuếch trương xuất cảng và phát triển kinh tế tại Việt Nam [ Việt Nam Cộng Hòa ]

Gorde:
Xehetasun bibliografikoak
Egile nagusia: Lê Công Khanh
Formatua: Liburua
Hizkuntza:Undetermined
Argitaratua: Sài Gòn Học viện Quốc Gia Hành Chánh 1971
Gaiak:
Etiketak: Etiketa erantsi
Etiketarik gabe, Izan zaitez lehena erregistro honi etiketa jartzen!
Thư viện lưu trữ: Trung tâm Học liệu Trường Đại học Cần Thơ
LEADER 00637nam a2200181Ia 4500
001 CTU_26363
008 210402s9999 xx 000 0 und d
082 |a 343 
082 |b Kh107 
100 |a Lê Công Khanh 
245 0 |a Khuếch trương xuất cảng và phát triển kinh tế tại Việt Nam [ Việt Nam Cộng Hòa ] 
245 0 |c Lê Công Khanh 
260 |a Sài Gòn 
260 |b Học viện Quốc Gia Hành Chánh 
260 |c 1971 
650 |a economic development,exports 
904 |i Nguyễn Quang Điền, 981013 
980 |a Trung tâm Học liệu Trường Đại học Cần Thơ